| 000 | 00564nam a22001697a 4500 | ||
|---|---|---|---|
| 003 | OSt | ||
| 005 | 20171010095451.0 | ||
| 008 | 120627t xxu||||| |||| 00| 0 eng d | ||
| 040 |
_aMMSU _cULS |
||
| 100 |
_aFernandez, Ruel, M. _910816 |
||
| 245 |
_aOn the Job Training (OJT) in Animal Science _cRuel M. Fernandez |
||
| 260 | _c2008 | ||
| 300 |
_avi, [22] leaves _c28 cm. |
||
| 500 | _aThesis (BS Agriculture-Animal Science) -- Mariano Marcos State University-College of Agriculture & Forestry, Batac City | ||
| 504 | _aBibliography: None | ||
| 942 |
_2ddc _cTHEDIS |
||
| 999 |
_c9607 _d9607 |
||